Sports Quiz

Random Sports or Soccer Quiz

MLS 20-Goal Scorers Quiz Stats

 Plays Quiz not verified by Sporcle

Also try: NFL Close-Up Logos
Challenge
Share
Tweet
Embed
Score 0/22 Timer 10:00
0 Plays Today
Year/Team Player % Correct
Los Angeles Galaxy / 2008Landon Donovan
98.1%
New York Red Bulls / 2014Bradley Wright-Phillips
92.5%
Toronto FC / 2015Sebastian Giovinco
91.7%
Columbus Crew / 2015Kei Kamara
87.5%
Sporting Kansas City / 2014Dom Dwyer
86.8%
New York Red Bulls / 2016Bradley Wright-Phillips
85.7%
San Jose Earthquakes / 2012Chris Wondolowski
84.9%
New England Revolution / 2002Taylor Twellman
83%
New York City FC / 2016David Villa
78.6%
Los Angeles Galaxy/Chicago Fire / 2013Mike Magee
77.4%
Portland Timbers / 2017Diego Valeri
75%
Year/Team Player % Correct
Chicago Fire / 2017Nemanja Nikolic
75%
New York City FC / 2017David Villa
75%
Tampa Bay Mutiny / 1996Roy Lassiter
71.7%
Los Angeles Galaxy / 2002Carlos Ruiz
62.3%
Montreal Impact / 2013Marco Di Vaio
60.4%
Vancouver Whitecaps / 2013Camilo Sanvezzo
58.5%
Columbus Crew / 1998Stern John
58.5%
D.C. United / 2007Luciano Emilio
45.3%
D.C. United / 1996Raul Diaz Arce
41.5%
Los Angeles Galaxy / 1996Eduardo Hurtado
35.8%
Tampa Bay Mutiny / 2000Mamadou Diallo
30.2%

You're not logged in!

Compare scores with friends on all Sporcle quizzes.
Join for Free
OR
Log In

You Might Also Like...

Show Comments

Extras

Top Quizzes Today


Score Distribution

Your Account Isn't Verified!

In order to create a playlist on Sporcle, you need to verify the email address you used during registration. Go to your Sporcle Settings to finish the process.

Report this User

Report this user for behavior that violates our Community Guidelines.

Details: